| 000 | 00000nam##2200000za#4500 |
| 001 | 9.662825 |
| 003 | CaOODSP |
| 005 | 20200330091841 |
| 007 | ta |
| 008 | 150407|1999||||xxc||||| f|0| 0 eng|d |
| 020 | |a0-662-65787-X |
| 040 | |aCaOODSP|beng |
| 041 | |aeng |
| 041 | |afre |
| 043 | |an-cn--- |
| 086 | 1 |aE2-356/1999 |
| 110 | 1 |aCanada.|bForeign Affairs and International Trade. |bCanadian Centre for Foreign Policy Development. |
| 245 | 10|aReport from the Round Table on Canada, NATO and the United Nations : |blessons learned from the Kosovo crisis / |cby Marketa Geislerova. |
| 260 | |aOttawa - Ontario : |bForeign Affairs and International Trade. |c1999. |
| 300 | |aEnglish text, 7p. ; |c28 cm. |
| 500 | |aList of participants, Bibliographies of speakers and Agenda printed on unnumbered pages. |
| 546 | |aBilingual |
| 563 | |aSoftcover |
| 590 | |a01-48|b2001-11-30 |
| 690 | 07|aForeign policy|2gcpds |
| 690 | 07|aWar crimes|2gcpds |
| 720 | 1 |aGeislerova, Marketa |
| 776 | 0#|tRapport de la table ronde sur le Canada, l'OTAN et les Nations Unies : |w(CaOODSP)9.630619 |
| 776 | 0#|tReport from the Roundtable on Canada, NATO and the United Nations : |w(CaOODSP)9.686102 |
| 792 | |tRapport de la Table Ronde sur le Canada, l'OTAN et les Nations Unies : |efre|w(CaOODSP)9.662826 |
| 986 | |a1005.3E |